Statystyki dla Dyskografia Tymka [do 2023]

Kliknij tutaj aby rozwiązać quiz!

Ogólne statystyki

  • Ten quiz został rozwiązany 2 razy
  • Średni wynik to 61 z 199

Statystyki odpowiedzi

Tytuł Albumu/FTTytuł:% Poprawnych
ft. Big Scythe & DeysAnioły i Demony
100%
ft. Big ScytheJęzyk ciała
100%
Poza kontrolą
100%
40 Berlin
50%
[2020] Piacevole80's
50%
ft. DJ Decks, Gverilla, Miły ATZ & Paluch87bpm
50%
ft. Kizo & Szpaku94
50%
Acapulco
50%
AEIOU
50%
After
50%
ft. BambaxAmore
50%
ft. Frosti & PaterBajka
50%
ft. WiatrBanalne
50%
ft. CoalsBeautiful
50%
Beethoven
50%
Blazy
50%
Blizny
50%
ft. Natalia GrosiakBROŃ CZERWONA
50%
​busy
50%
Chcesz tego czy nie chcesz
50%
ft. SkipChmury
50%
ft. Trill Pem & Wac TojaCiągle W Trasie
50%
Cielo Blu
50%
[2022] Romantyk - EP (1/3 Odrodzenie)Cudzysłów
50%
de_train Grzech
50%
Deweloper
50%
ft. Kizo & StamirDiamentowe Serca
50%
Do Ciebie
50%
(BONUS TRACK)Dolewam
50%
​domani
50%
Drogie buty drogi bal
50%
ft. HolakDziwoląg
50%
ft. Wac TojaEcstasy
50%
Eros
50%
Falapary
50%
[2014] Studnia Wspomnień MixtapeStudnia wspomnień
50%
FOR U
50%
Frisbee
50%
[2021] PopularneHaker
50%
ft. GverillaHendrix
50%
Idę
50%
ft. PrzyłuInstaćpuny
50%
Jeden uśmiech Twój
50%
Jednym Wózkiem
50%
Jedyna
50%
Jestem
50%
[2020] FITJestemTymek
50%
ft. Kacperczyk​jeziorko
50%
[2020] Vestige EP​język ciała 2020
50%
Już
50%
ft. FLEXLIKEKEV & QryKłapią Gębą
50%
(BONUS TRACK)Klubowa Suka
50%
Klucz
50%
Kokaina
50%
Kolorowych snów
50%
Końcowe napisy
50%
Lekarstwo
50%
List
50%
List do Ciebie
50%
ft. Faustyna MaciejczukMałe rzeczy
50%
Mare
50%
Marilyn Monroe
50%
(BONUS TRACK)Mi Dispiace
50%
ft. Oki & PlanBeMilion
50%
​mrok
50%
Seven Phoenix/ single:MUUD
50%
Myszka Miki
50%
Na ostatnim piętrze
50%
Naprzemianmieszane
50%
​narasko
50%
ft. Jerzyk KrzyżykNastrój
50%
Nie obchodzisz mnie
50%
Nie odbieram
50%
ft. BonsonNieśmiertelność
50%
Nie tylko część
50%
[2022] Seven Phoenix | ACAPULCO​nuka
50%
Ona
50%
O o o o
50%
Plama
50%
Pleasure
50%
PLIKIFORSEN
50%
Podążaj
50%
Poezje
50%
Pokemony
50%
[2022] Król życia - EP (2/3 Odrodzenie)Pokrzywy
50%
ft. Tony YoruPomarańcze
50%
Pończochy
50%
Ponton
50%
Poranek
50%
ft. SariusPowietrze
50%
ft. Vito BambinoPÓŹNE POPOŁUDNIE
50%
Produkuję Forsę
50%
ft. Nabo Nassib FonaboRadość
50%
ft. Tede & Trill PemRainman
50%
Raper
50%
ft. Jony, Sosad c& Trill Pem (BONUS TRACK)Renesans 2.0
50%
Romans
50%
Różowe słomki
50%
Semantyka
50%
Sophia Loren
50%
ft. Fejz (BONUS TRACK)SUKA
50%
ft. FrostiTabletki
50%
ft. SosadTakie piękne nic
50%
Tak samo jak Ty
50%
[2018] SonoToksyczne
50%
To nie my
50%
Tranquillo
50%
ft. FrostU mnie się sypie układa
50%
ft. EcnaveloValentino
50%
​witchusse
50%
ft. SzczylWSZYSTKO OK
50%
ft. Sapi Tha King​yin yang
50%
Zabawmy się dziś w Boga
50%
[2022] #Tymek2022Zadzwonię do Ciebie
50%
ft. SariusŻycie Artysty
50%
Z ziemi włoskiej do Polski
50%
[2016] Tymes Mixtape10 stopni
0%
ft. Daria Ryczek & Vixen11:11
0%
42000
0%
ft. Anna WyszkoniAgnieszka
0%
ANAKAO
0%
Bierz
0%
Biznes
0%
Bliżej do sedna
0%
Byczq
0%
[2022] Niespokojna Dusza - EP (3/3 Odrodzenie)Bywam ludzki
0%
ft. OfeliaChcesz to ze mną bądź
0%
[2023] Klubowe 2Coś z niczego
0%
ft. Ander,Machu,Metel, MicuCzasem tak bywa
0%
Deszcz
0%
Dobro i zło
0%
Droga
0%
Dziecko
0%
Będziemy
0%
Kwiaty
0%
Niedosyt
0%
Niepozornie proste
0%
Przystań
0%
Robot
0%
Sens słów
0%
Szczęki
0%
Tabu
0%
ft. Julia WieniawaIkona
0%
Il diavolo veste prada
0%
Inny Niż Każdy
0%
[2019] KluboweInteresy
0%
Jak to zawsze
0%
Jeśli tego chcesz
0%
Klakson
0%
​kompso
0%
Kresbez
0%
ft. Rakkaman (BONUS TRACK)Kryminał
0%
ft. HolakKultowe
0%
Lapidarium
0%
[2023] klubowe2 bonusLecę se po swoje
0%
Likeus!
0%
Marzę
0%
Metafora
0%
Mimosa
0%
Młody Milioner
0%
Mów mi tak
0%
Muszę iść
0%
ft. KleszczMuzyka łączy nas
0%
Nieznane
0%
Nostalgia
0%
Odurzony snem
0%
Pa'lante
0%
ft. DryjaPesto
0%
Plastik
0%
[2017] JestemTymekPoczątek
0%
Pod gołym niebem
0%
[2022] zima 2022Podróże
0%
Popularne
0%
Proste
0%
[2014] Fszystko Fszędzie Mixtape ft.KrukRealia
0%
Sambo
0%
San Francisco
0%
Swetr
0%
Syrop
0%
Szczerze
0%
Sztuka
0%
Tabi
0%
ft. Ester,Machu, MetelTajemniczy ogród
0%
ft. WjkTo nie czas
0%
​triphopolo vSOFT
0%
Trochę, trochę
0%
ft. SkipTwarze
0%
Wachlarz
0%
​whichook
0%
Widze
0%
ft. Oki & Wac TojaWokół Cieni
0%
W zieleni
0%
Yeah
0%
Zabawa z majkiem
0%
[2015] Przystań MixtapeZmiany
0%

Rozkład punktacji

Percentyl według liczby udzielonych odpowiedzi

Procent ludzi z każdym wynikiem

Twoja historia wyników

Nie rozwiązałeś tego quizu